| 000 | 00801nam a2200205Ii 4500 | ||
|---|---|---|---|
| 003 | JO-AjNU | ||
| 008 | 230605s9999||||xx |||||||||||||| ||und|| | ||
| 017 | _a2004/21444 | ||
| 040 |
_aJO-AjNU _bara _erda _cJO-AjNU |
||
| 041 | _aara | ||
| 050 | 1 | 4 | _aBF431.2004 |
| 100 | 3 |
_aعبد الرحمن، محمد السيد, _eauthor _97468 |
|
| 245 | 0 | 0 | _aمقياس جيليام لتشخيص التوحدية: كراسة التعليمات والاسئلة |
| 264 | 3 | 1 | _aالقاهرة:دار السحاب للطباعة والنشر والتوزيع ،2004 |
| 300 |
_a92ص _bكراسة الاسئلة ص1-ص10 |
||
| 336 |
_atext _btxt _2rdacontent |
||
| 337 |
_aunmediated _bn _2rdamedia |
||
| 338 |
_avolume _bnc _2rdacarrier |
||
| 650 | 4 |
_aمرض التوحد-مقياس جيليام التقديري _97469 |
|
| 999 |
_aA294 _c3862 _d3862 |
||